000
00324nam a2200145Ia 4500
008
210210b1950 xxu||||| |||| 00| 0 eng d
041
_a
eng
082
_a
874/14
100
_a
GEORGE (K M)
245
_a
Mundiricharu
260
_a
_b
-
_c
1950
650
_a
Mundiricharu
690
_a
Malayalam Criticism
906
_a
002606
999
_c
124576
_d
124576